UM Logo

Managing people: (Record no. 4995)

MARC details
000 -LEADER
fixed length control field 00756nam a22002297a 4500
003 - CONTROL NUMBER IDENTIFIER
control field OSt
005 - DATE AND TIME OF LATEST TRANSACTION
control field 20260217062519.0
008 - FIXED-LENGTH DATA ELEMENTS--GENERAL INFORMATION
fixed length control field 161001b xxu||||| |||| 00| 0 eng d
020 ## - INTERNATIONAL STANDARD BOOK NUMBER
International Standard Book Number 0324335016
040 ## - CATALOGING SOURCE
Transcribing agency lic
082 ## - DEWEY DECIMAL CLASSIFICATION NUMBER
Edition number 2004
Classification number DC 658.3
Item number M33m
245 ## - TITLE STATEMENT
Title Managing people:
Remainder of title cases in organizational behavior/
Statement of responsibility, etc. Dorothy Marcic [and 4 others].
260 ## - PUBLICATION, DISTRIBUTION, ETC. (IMPRINT)
Place of publication, distribution, etc. USA:
Name of publisher, distributor, etc. Thomson/South-Western,
Date of publication, distribution, etc. c2004.
300 ## - PHYSICAL DESCRIPTION
Extent 142 pages;
Dimensions 28 cm.
650 #0 - SUBJECT ADDED ENTRY--TOPICAL TERM
Topical term or geographic name as entry element Organizational behavior
General subdivision Problems, exercises, etc.
9 (RLIN) 15659
700 ## - ADDED ENTRY--PERSONAL NAME
9 (RLIN) 15660
Personal name Marcic, Dorothy
Relator term Author
700 ## - ADDED ENTRY--PERSONAL NAME
9 (RLIN) 15661
Personal name Seltzer, Joe
Relator term Author
700 ## - ADDED ENTRY--PERSONAL NAME
9 (RLIN) 15662
Personal name Buller, Paul F.
Relator term Author
700 ## - ADDED ENTRY--PERSONAL NAME
9 (RLIN) 15663
Personal name Vaill, Peter
Relator term Author
700 ## - ADDED ENTRY--PERSONAL NAME
9 (RLIN) 15664
Personal name Schuler, Randall S.
Relator term Author
942 ## - ADDED ENTRY ELEMENTS (KOHA)
Source of classification or shelving scheme Dewey Decimal Classification
Koha item type Circulation
Holdings
Withdrawn status Lost status Source of classification or shelving scheme Damaged status Not for loan Collection code Home library Current library Date acquired Total Checkouts Full call number Barcode Date last seen Price effective from Koha item type
    Dewey Decimal Classification     Circulation UM Digos College - LIC UM Digos College - LIC 04/21/2006   DC 658.3 M33m 2004 18533 05/15/2025 10/01/2016 Circulation